000 00721nam a22001217a 4500
040 _cRUA
082 _aLMA NOU 2025 B701 Or.1
100 _aNOUN SREYPICH, ណូន ស្រីពេជ្រ
245 _aStudy on land transfer during systematic land registration in ballangk commune, baray district,kampong thom province, សិក្សាពីការផ្ទេរសិទ្ធដីធ្លីអំឡុងពេលចុះបញ្ជីដីធ្លីលក្ខណៈជាប្រព័ន្ធ នៅឃុំបល្ល័ង្ក ស្រុកបារាយណ៍ ខេត្តកំពង់ធំ
260 _aPHNOM PENH
_bRUA
_c2025
300 _ax,50p.
_bill.
_c29cm.
942 _cLMA
999 _c25794
_d25794